| 000 | 00623nam a2200217Ia 4500 | ||
|---|---|---|---|
| 003 | OSt | ||
| 005 | 20241023105921.0 | ||
| 008 | 240925s9999 xx 000 0 und d | ||
| 020 | _a9781118771334 (paperback) 1118771338 (paperback) | ||
| 040 | _csd | ||
| 082 | _a005.73 GOO | ||
| 100 | _aGoodrich, Michael T., | ||
| 245 | 0 | _aData structures and algorithms in Java | |
| 250 | _aSixth edition. | ||
| 260 |
_aUnited States: _bJohn Wiley + sons _cNA |
||
| 300 |
_a930p. _bNA _fNA |
||
| 500 | _aIncludes Index | ||
| 600 | _aComputer Science | ||
| 650 | _aComputer science, information & general works | ||
| 942 |
_cBK _2ddc |
||
| 999 |
_c18171 _d18171 |
||